00846nam a22002297a 45000010005000000030006000050050017000110080041000280200015000690400029000840500017001130820010001301000032001402450055001722600038002273000056002655050007003215200218003285210027005465210018005736500025005919372FISKH20251216085132.0251216b cb ||||| |||| 00| 0 eng d a0694009741 aFISKHbengcFISKHdFISKH aPZ7.S38877 I a741.5 aSchulz, Charles M. eAuthor aI've been traded for a pizza? /cCharles M. Schulz aNew York :bHarperCollins ,c1998 a30 unnumbered pages :bcolor illustrations ;c21 cm aJ  aWhat do team managers Charlie Brown and Peppermint Patty have in common? They both have terrible right fielders. So they decide on a trade: Peppermint Patty gets Lucy, and Charlie Brown gets Marcie... and a pizza.8 a500 bLexile estimate 8 aJ bRaz-Plus  aPicture bookvHumor